000 00540nam a2200181Ia 4500
008 090123s9999 xx 000 0 und d
082 _b41935
100 _aऔरंगाबादकर अनुराधा
245 _aहास्यकला
250 _a1
260 _c2007
300 _a152
600 _aऔरंगाबादकर अनुराधा
630 _aहास्यकला
700 _aऔरंगाबादकर अनुराधा
730 _aहास्यकला
942 _cBOOK
999 _c80011
_d80011